State Capitals - One Minute Sprint - Statistics

General Stats
  • This quiz has been taken 25 times
  • The average score is 24 of 50
Answer Stats
State Capital % Correct
California Sacramento
93%
Colorado Denver
87%
Alabama Montgomery
87%
Arizona Phoenix
87%
Louisiana Baton Rouge
80%
Connecticut Hartford
80%
Hawaii Honolulu
80%
Alaska Juneau
80%
Idaho Boise
73%
Massachusetts Boston
73%
Delaware Dover
73%
Maryland Annapolis
67%
Georgia Atlanta
67%
Maine Augusta
67%
Montana Helena
67%
Arkansas Little Rock
67%
Illinois Springfield
67%
Florida Tallahassee
67%
Kansas Topeka
67%
Indiana Indianapolis
60%
Michigan Lansing
60%
Minnesota Saint Paul
60%
Iowa Des Moines
53%
Kentucky Frankfurt
53%
Mississippi Jackson
53%
Nebraska Lincoln
53%
Nevada Carson City
47%
New York Albany
40%
Texas Austin
40%
Missouri Jefferson City
40%
Utah Salt Lake City
40%
New Mexico Santa Fe
40%
North Dakota Bismarck
33%
South Dakota Pierre
33%
New Jersey Trenton
33%
South Carolina Colombia
27%
Vermont Montpelier
27%
Tennessee Nashville
27%
Oklahoma Oklahoma City
27%
Wyoming Cheyenne
20%
New Hampshire Concord
20%
Wisconsin Madison
20%
North Carolina Raleigh
20%
Virginia Richmond
20%
Oregon Salem
20%
Pennsylvania Harrisburg
13%
Washington Olympia
13%
West Virginia Charleston
7%
Ohio Colombus
7%
Rhode Island Providence
7%
No matching quizzes found
Score Distribution
Percent of People with Each Score
Percentile by Number Answered
Your Score History
You have not taken this quiz